00399nam a22000977a 4500100007700000245011300077260002700190300000900217700004200226856003300268 aEngr. Shumaila Soomroa21MCME06aSupervisor - Prof Dr. M. Mujtaba Shaikh aCoverage of the 5G Heterogenous Cellular Networks with Many Antenna Arrays and Dispersion Models (ME Thesis) aNawabhsahbQUESTc2024 a62p. aDepartment of Electronic Engineering  uhttps://tinyurl.com/2pxzmess